000
00393nam a2200145Ia 4500
008
100122s9999 xx 000 0 und d
082
_b
32072
_a
808.8
100
_a
जाधव रा ग
245
_a
प्रतिमा
260
_b
परिमल प्रकाशन
_c
1982
300
_a
93
630
_a
प्रतिमा
730
_a
प्रतिमा
942
_c
BOOK
999
_c
416541
_d
416538